000 00683nmm a2200265 a 4500
003 AR-BaBNM
005 20251128211018.0
008 272020s1996 ||||||||||||||000 | spa||
020 _a0-673-19613-5
040 _cAR-BaBNM
100 1 _aHerrera Salazar, Mario
245 1 0 _aParade
_n1
260 _aIllinois
_bScott Foresman
_c1996
300 0 _a91p.
_btablas, il.
650 4 _aENSENANZA DE IDIOMAS
650 4 _aINGLES
650 4 _aLENGUA EXTRANJERA
650 4 _aACTIVIDADES DE APRENDIZAJE
650 4 _aLIBROS DE TEXTO
650 4 _aJUEGOS EDUCATIVOS
700 1 _aZanatta, Theresa
700 1 _aChamot, Anna Uhl
_ecolaborador
942 _cBK
998 _craquel
999 _c17880
_d17880